MARC보기
LDR00000nam c2200205 k 4500
001000000341213
00520260408135822
007ta
008260407s2026 ulkad r 001a kor
020 ▼a 9791173685132 ▼g 93510 : ▼c \32000
040 ▼a 248032 ▼c 248032 ▼d 248032
0490 ▼l EM111812 ▼l EM111813 ▼c 2
056 ▼a 512.8 ▼2 4
090 ▼a 512.8 ▼b 은64ㄱ8
24520 ▼a 간호연구개론 = ▼x Nursing Research / ▼d 전미양, ▼e 손행미, ▼e 김철규, ▼e 서경산, ▼e 이혜경, ▼e 구미옥, ▼e 은영 공저
250 ▼a 8판
260 ▼a 서울 : ▼b 현문사, ▼c 2026
300 ▼a xiv, 408 p. : ▼b 천연색삽화, 표 ; ▼c 26 cm
504 ▼a 참고문헌(p. 391-400) 및 색인(p. 401-408) 수록
653 ▼a 간호연구 ▼a 근거기반간호 ▼a 간호학
7001 ▼a 전미양, ▼e 저
7001 ▼a 손행미, ▼e 공저
7001 ▼a 김철규, ▼e 공저
7001 ▼a 서경산, ▼e 공저
7001 ▼a 이혜경, ▼e 공저
7001 ▼a 구미옥, ▼e 공저
7001 ▼a 은영, ▼e 공저
9500 ▼b \32000
990 ▼a 관리자2 ▼b 관리자2